000 00871nam a22002297a 4500
008 240604b mp ||||| |||| 00| 0 mon d
020 _a99929-0-475-5
035 _a4656
040 _aDA0445040
_bmon
_cMN-UlNLM
_dMN-UlNLM
_erda
041 _amon
042 _a14333
082 _221
_a598.8
_bК.923
100 _aКуппэр Х.
245 0 _aДууч шувууд
264 _aУлаанбаатар
_bМонсудар хэвлэлийн газар
300 _a х.
336 _2rdacontent
_atext
_btxt
337 _2rdamedia
_aunmediated
_bn
338 _2rdacarrier
_avolume
_bnc
650 _aАюул осол тохиолдвол шувууд хоорондоо жиргэн бие биедээ анхааруулах дохио өгнө. Зарим дууч шувуудын зөвхөн эрэгчин нь жиргэдэг а...
942 _210-t
_cBK
999 _c741049
_d741106